Fundamentos de física

Gespeichert in:
Bibliographische Detailangaben
1. Verfasser: Sears, Francis Weston (VerfasserIn)
Format: Buch
Sprache:Spanisch
Veröffentlicht: Madrid Aguilar 1963
Ausgabe:4a. ed
Schlagworte:
Tags: Tag hinzufügen
Keine Tags, Fügen Sie den ersten Tag hinzu!

MARC

LEADER 00000nam a2200000 a 4500
001 UCU3688
003 CL-VaPUC
008 960510e19630000SP |||||||||||||||||spa|d
082 0 4 |a 535  |b SEA  |2 21 
100 0 |a Sears, Francis Weston  |e author  |9 360781 
245 1 0 |a Fundamentos de física 
250 |a 4a. ed 
300 |a v 
942 |c BK 
945 |d 19960510 00:00:00  |a paguirre 
260 |a Madrid  |b Aguilar  |c 1963 
500 |a v.2: Electricidad y magnetismo 
650 0 |a Electricidad  |9 260222 
650 0 |a Magnetismo  |9 260336 
650 0 |a Electromagnetismo   |9 260123 
650 0 |a Energía   |9 259431 
650 7 |a CAMPOS MAGNETICOS  |2 CL-VaPUC  |9 360782 
650 0 |a Corrientes eléctricas   |9 354960 
650 0 |a Energía eléctrica  |9 256678 
583 |a last modification  |c 19960510 00:00:00  |k Rodrigo Vera 
999 |c 247612  |d 247610 
952 |0 0  |1 0  |4 0  |6 535_000000000000000_SEA_1963  |7 0  |8 A  |9 263647  |a BIBING  |b BIBING  |d 2019-11-19  |h v.2  |i 1656503  |o 535 SEA 1963  |p 1656503  |r 2025-01-20  |w 2019-11-19  |y BK  |k ING